000 00518nam a2200181Ia 4500
005 20250326124016.0
008 250326s9999 xx 000 0 und d
037 _aTextbook
040 _aFMSL
_beng
_cFMSL
041 _aeng
_2eng
084 _aX L1
_qFMSL
100 _aMarris R
_9736602
245 0 _aCorporate economy: growth, competition, and innovative potential
_cMarris R; Wood A
260 _aLondon
_bLondon, Macmillan
_c1971
300 _a453p
942 _cTB
_hX L1
999 _c1271872
_d1271872